Cleveland Cavaliers - Tous les joueurs de l’équipe - Statistiques

Statistiques générales
  • Ce quiz a été pris 13 fois
  • Le résultat moyen est 8 sur 15
Statistiques - réponses
Réponse % Correct
James Harden
100%
Donovan Mitchell
91%
Jarrett Allen
82%
Evan Mobley
73%
Max Strus
64%
Dean Wade
55%
Dennis Schröder
55%
Jaylon Tyson
36%
Keon Ellis
36%
Nae´Qwan Tomlin
36%
Sam Merrill
36%
Thomas Bryant
36%
Craig Porter Jr.
27%
Tyrese Proctor
27%
Larry Nance Jr.
18%
Aucun quiz correspondant
Distribution des résultats
% des personnes avec chaque résultat
Percentile par nombre de réponses
Votre historique - résultats
Vous n’avez pas pris ce quiz